Southville International School and Colleges
Your cart is empty.
  • Cart
  • Lists
    Public lists Eva Luna New books Lux_list list_1
    Your lists Log in to create your own lists
  • Log in to your account
  • Your cookies
  • Search history
Southville International School and Colleges
  • Advanced search
  • Recent comments
  • Most popular
  • Libraries

Log in to your account

Log in with GOOGLE


If you do not have an external account, but do have a local account, you can still log in:

  1. Home
  2. MARC view: Philippine politics & governance
Normal view MARC view ISBD view

Philippine politics & governance (Record no. 365570)

[ view plain ]
MARC details
000 -LEADER
fixed length control field 00529nam a22001697a 4500
003 - CONTROL NUMBER IDENTIFIER
control field 0
005 - DATE AND TIME OF LATEST TRANSACTION
control field 20231106120625.0
008 - FIXED-LENGTH DATA ELEMENTS--GENERAL INFORMATION
fixed length control field 231106b xxu||||| |||| 00| 0 eng d
020 ## - INTERNATIONAL STANDARD BOOK NUMBER
International Standard Book Number 978-621-406-102-0
050 ## - LIBRARY OF CONGRESS CALL NUMBER
Classification number JQ 1426
Item number .Se47 2021
100 ## - MAIN ENTRY--PERSONAL NAME
Personal name Maria Perpetua Arcilla Serapio
245 ## - TITLE STATEMENT
Title Philippine politics & governance
Statement of responsibility, etc Maria Perpetua Arcilla Serapio
260 ## - PUBLICATION, DISTRIBUTION, ETC. (IMPRINT)
Place of publication, distribution, etc Manila
Name of publisher, distributor, etc Mindshapers Co., Inc.
Date of publication, distribution, etc c2021.
300 ## - PHYSICAL DESCRIPTION
Extent viii, 220 pages ;
Dimensions 25 cm.
504 ## - BIBLIOGRAPHY, ETC. NOTE
Bibliography, etc Includes bibliographical references.
942 ## - ADDED ENTRY ELEMENTS (KOHA)
Source of classification or shelving scheme Library of Congress Classification
Koha item type Books
Holdings
Withdrawn status Lost status Source of classification or shelving scheme Damaged status Home library Current library Shelving location Date acquired Source of acquisition Sub Shelving location Total Checkouts Full call number Barcode Date last seen Price effective from Koha item type
    Library of Congress Classification   Luxembourg Library Luxembourg Library Filipiniana Section 11/06/2023 Library Fund     JQ 1426 .Se47 2021 21148 11/06/2023 11/06/2023 Books

Philippine politics & governance

APA

Maria Perpetua Arcilla Serapio, . (2021). Philippine politics & governance. Manila: Mindshapers Co., Inc.

Chicago

Maria Perpetua Arcilla Serapio, . 2021. Philippine politics & governance. Manila: Mindshapers Co., Inc.

Harvard

Maria Perpetua Arcilla Serapio, . (2021). Philippine politics & governance. Manila: Mindshapers Co., Inc.

MLA

Maria Perpetua Arcilla Serapio, . Philippine politics & governance. Manila: Mindshapers Co., Inc. 2021.

  • Place hold
  • Print
  • Cite
  • Add to your cart (remove)
  • Save record
    BIBTEX Dublin Core MARCXML MARC (non-Unicode/MARC-8) MARC (Unicode/UTF-8) MARC (Unicode/UTF-8, Standard) MODS (XML) RIS
  • More searches
    Search for this title in:
    Other Libraries (WorldCat) Other Databases (Google Scholar) Online Stores (Bookfinder.com) Open Library (openlibrary.org)

Exporting to Dublin Core...

SOUTHVILLE LIBRARY

Southville International School and Colleges Library

1281 Tropical Ave. Cor. Luxembourg St., BF Homes International, Las Pinas City

Tel. No. 8256374 / 252358 Loc. 117/146

Powered by Koha